000 00693nam a2200241Ia 4500
001 1277
003 GE_BSU
008 181216s||||||||xx |||||||||||||| ||und||
040 _cGE_BSU
080 _a159.9.07
245 _aЭкспериментальная психология.
245 _bПер. с французского.
245 _cРед:Фресс Поль ;Жан Пиаже.
260 _aМосква
260 _bПрогресс.
260 _c1978
300 _a300с. 21см.
541 _h8 л.
653 _aПсихология
653 _aЭкспериментальная психология
653 _aფსიქოლოგია
942 _cBK
999 _c35421
_d35421